| 000 | 01125nam a2200241Ia 4500 | ||
|---|---|---|---|
| 999 |
_c34643 _d34643 |
||
| 001 | 413 | ||
| 003 | GE_BSU | ||
| 005 | 20190420191554.0 | ||
| 008 | 181216s2010||||ge |||||||||||||| ||geo|| | ||
| 020 | _a9789941417160 | ||
| 040 | _cGE_BSU | ||
| 041 | _ageo | ||
| 080 | _a821.353.09 ნ-63 | ||
| 100 |
_aნიკოლეიშვილი, ავთანდილ _9296 |
||
| 245 |
_aქართველოლოგიური ეტიუდები : _bწ.1 / _cავთანდილ ნიკოლეიშვილი ; რედ. ნოდარ ტაბიძე ; მხატ. ჯავა ჯეიშვილი. |
||
| 264 |
_aქუთაისი : _bქუთაისის უნ-ტის გამომცემლობა, _c2010. |
||
| 300 | _a548 გვ. | ||
| 653 | _aქართველოლოგია | ||
| 653 | _aქართველოლოგიური ეტიუდები | ||
| 700 |
_aტაბიძე, ნოდარ _eრედაქტორი _9297 |
||
| 700 |
_aჯეიშვილი, ჯავა _eმხატვარი _9298 |
||
| 942 |
_cBK _2udc |
||